000 00435nam a22001697a 4500
005 20160520104022.0
008 160520b xxu||||| |||| 00| 0 eng d
020 _a978-81-203-2058-1
041 _aeng
082 _b3385
100 _aGayalea and R.A.
_9848
245 _aOP. AMPS and Lincas intesnated Cirevits
260 _aNew Delhi
_bPHI learning Pvt. Ltd.
300 _a541
650 _aDIPLOMA ENGINEERING
_9817
942 _cBK
999 _c1163
_d1163